Statistics for Geography by Letter - L

Click here to take the quiz!

General Stats

  • This quiz has been taken 67,501 times
  • The average score is 17 of 24

Answer Stats

Hint Answer % Correct
Capital of EnglandLondon
100%
Capital of PortugalLisbon
93%
Famous Paris museumLouvre
93%
2nd biggest city in the U.S.Los Angeles
92%
Language of the Roman empireLatin
92%
U.S. gambling and foreclosure capitalLas Vegas
90%
Neighbor of IsraelLebanon
89%
Country just south of LatviaLithuania
88%
U.S. state named for a French KingLouisiana
87%
Beatles' home cityLiverpool
85%
Former name of St. PetersburgLeningrad
78%
Former Italian currencyLira
76%
Biggest island in New YorkLong Island
75%
Type of poem or city in IrelandLimerick
70%
National airline of GermanyLufthansa
70%
Country founded for freed American slavesLiberia
69%
Largest city in NigeriaLagos
66%
Major city in YorkshireLeeds
57%
Leather breeches that
one might see at Oktoberfest
Lederhosen
54%
Region of northern Norway, Sweden,
Finland and Russia
Lapland
48%
Greek island of SapphoLesbos
48%
Longest river in FranceLoire
43%
Founder of TaoismLaozi
33%
Main island of the PhilippinesLuzon
29%

Score Distribution

Percentile by Number Answered

Percent of People with Each Score

Your Score History

You have not taken this quiz